000 00615nam a2200193Ia 4500
003 GCL
008 140319s9999 xx 000 0 ara d
040 _aGCL /
_cGCL
082 0 4 _a812.009
_bع ب
100 1 _aعبدالعزيز حمودة
245 1 0 _aالبناء الدرامى (النسخة الرابعة لدار البشير بعمان) /
_cعبدالعزيز حمودة
260 _a[S.N] :
_bمكتبة الانجلوالمصرية ،
_c1993
300 _a207 ص
490 _a
650 0 4 _aالادب العربى
650 0 4 _aالمسرح
650 0 4 _aتاريخ ونقد
942 _2ddc
_cBK
999 _c32986
_d32986